Jurnal PAJAR (Pendidikan dan Pengajaran) | Laboratory of Elementary Teacher Education Study Program, Faculty of Education and Teacher Training, Universitas Riau Pekanbaru, Indonesia

Bibliografiske detaljer
Format: Electronisk Tidsskrift
Sprog:English
Udgivet: Cambridge University Press
Online adgang:Full text available on Research4Life (HINARI,AGORA,OARE,ARDI & GOALI)
LEADER 00894cas a2200181 a 4500
001 AALejournalResearch4Life014521
008 240902c9999 xx r poo 0 0eng d
022 |a 25808435 
022 |a 26141337 
040 |a BD-DhAAL  |c BD-DhAAL 
245 0 0 |h [electronic resource]  |a Jurnal PAJAR (Pendidikan dan Pengajaran) | Laboratory of Elementary Teacher Education Study Program, Faculty of Education and Teacher Training, Universitas Riau Pekanbaru, Indonesia 
260 |b Cambridge University Press 
300 |a 1 online resource 
362 0 |a 2017 - current issue 
500 |a <strong>On-Campus Access Only (IP based access)</strong> 
506 |a Electronic access restricted to authorized BRAC University faculty, staff and students 
538 |a Mode of access: Internet 
856 4 0 |z Full text available on Research4Life (HINARI,AGORA,OARE,ARDI & GOALI)  |u https://pajar.ejournal.unri.ac.id/index.php/PJR